000 00489nam a2200193Ia 4500
999 _c47491
_d47491
001 14355
003 GE_BSU
005 20221124104240.0
008 181216s2000||||enk|||||||||||||| ||eng||
020 _a0719576717x
040 _cGE_BSU
080 _a57 C-63
100 _aClegg, Cj.
_916015
245 _aIntroduction to advanced biology /
_cCj. Clegg.
264 _aLondon :
_bJohn Murray,
_c2000.
300 _a518 p.;
_b28 cm.
653 _aბიოლოგია
942 _cBK
_2udc